<?xml version="1.0" encoding="UTF-8"?>
<marc:record xmlns:marc="http://www.loc.gov/MARC21/slim">
   <marc:leader>00000nam a2200000 a 4500</marc:leader>
   <marc:datafield ind1="1" ind2=" " tag="100">
      <marc:subfield code="a">Heidelbach, Nikolaus</marc:subfield>
      <marc:subfield code="4">aut</marc:subfield>
      <marc:subfield code="e">Verfasser/-in</marc:subfield>
   </marc:datafield>
   <marc:datafield ind1="0" ind2="0" tag="245">
      <marc:subfield code="a">Was machen die Jungs heute?</marc:subfield>
   </marc:datafield>
   <marc:datafield ind1="0" ind2="0" tag="245">
      <marc:subfield code="c">Nikolaus Heidelbach</marc:subfield>
   </marc:datafield>
   <marc:datafield ind1=" " ind2="1" tag="264">
      <marc:subfield code="a">Weinheim</marc:subfield>
      <marc:subfield code="b">Beltz &amp; Gelberg</marc:subfield>
      <marc:subfield code="c">2014</marc:subfield>
   </marc:datafield>
   <marc:datafield ind1="1" ind2=" " tag="520">
      <marc:subfield code="a">Angaben aus der Verlagsmeldung

Was machen die Jungs heute? : Vierfarbiges Bilderbuch / von Nikolaus Heidelbach

Die Jungs betreten die Bühne und Nikolaus Heidelbach führt vor “Was machen die Jungs heute?” - und das ist unbedingt ein Ereignis und eine große Überraschung!

Die beiden Vorläufer "Was machen die Jungs?" und "Was machen die Mädchen" haben Kultstatus erreicht, jetzt, nach 20 Jahren, sind es wieder 26 eigensinnige Mädchen (und in dem Band "Was machen die Mädchen heute?" 26 eigensinnige Mädchen), die ganz mit ihren Fantasien und Träumen, mit ihren Freunden und seltenen Hobbies beschäftigt sind:
Die Jungs von Arno bis Zorro träumen, wie Arno, von einer Meerjungfrau, die ihn küsst. Konrad dressiert einen Riesenbarsch mit einem Buch, und Gustav, als Pilz verkleidet, hat Angst, sein Herbstgedicht vorzutragen.
</marc:subfield>
   </marc:datafield>
   <marc:datafield ind1=" " ind2=" " tag="020">
      <marc:subfield code="a">9783407795823</marc:subfield>
      <marc:subfield code="9">9783407795823</marc:subfield>
   </marc:datafield>
   <marc:datafield ind1=" " ind2=" " tag="020">
      <marc:subfield code="a">3407795823</marc:subfield>
      <marc:subfield code="9">3407795823</marc:subfield>
   </marc:datafield>
   <marc:datafield ind1=" " ind2=" " tag="300">
      <marc:subfield code="a">62] S.</marc:subfield>
   </marc:datafield>
</marc:record>
